Public service motivation and job sector choice: evidence from a developing country (Record no. 509501)

000 -LEADER
fixed length control field 01185nam a2200157 4500
008 - FIXED-LENGTH DATA ELEMENTS--GENERAL INFORMATION
fixed length control field 190510b ||||| |||| 00| 0 eng d
100 ## - MAIN ENTRY--PERSONAL NAME
Personal name Sanabria-Pulido, Pablo
245 ## - TITLE STATEMENT
Title Public service motivation and job sector choice: evidence from a developing country
260 ## - PUBLICATION, DISTRIBUTION, ETC. (IMPRINT)
Date of publication, distribution, etc 2018
300 ## - PHYSICAL DESCRIPTION
Extent p.1107-1118.
520 ## - SUMMARY, ETC.
Summary, etc This article explores the determinants of actual job sector decisions of highly skilled professionals across four different sectors in a developing country, with a particular interest in the relationship with public service motivation (PSM). Unlike most previous cross-sectional studies, it uses a pooled time series of individual antecedents and job characteristics, both before and after the individuals leave the job market to pursue graduate education abroad. The results indicate that there are key differences in terms of the determinants of job sector choices across the four sectors, and that PSM appears to have a differential role on the attraction of individuals to each of those sectors. - Reproduced.
650 ## - SUBJECT ADDED ENTRY--TOPICAL TERM
Topical term or geographic name as entry element Motivation
9 (RLIN) 5398
773 ## - HOST ITEM ENTRY
Main entry heading International Journal of Public Administration
906 ## - LOCAL DATA ELEMENT F, LDF (RLIN)
Subject DIP Civil service
942 ## - ADDED ENTRY ELEMENTS (KOHA)
Source of classification or shelving scheme
Item type Articles
Holdings
Withdrawn status Lost status Source of classification or shelving scheme Damaged status Not for loan Permanent location Current location Date acquired Serial Enumeration / chronology Barcode Date last seen Koha item type
          Indian Institute of Public Administration Indian Institute of Public Administration 2019-05-10 41(13), Oct, 2018: p.1107-1118. AR119670 2019-05-10 Articles

Powered by Koha